Manual del minero / (Record no. 47934)

MARC details
000 -LEADER
campo de control de longitud fija 00794nam a22002175i 4500
001 - NÚMERO DE CONTROL
campo de control 47934
003 - IDENTIFICADOR DE NÚMERO DE CONTROL
campo de control ES-MaACL
005 - FECHA Y HORA DE LA ÚLTIMA TRANSACCIÓN
campo de control 20230906161651.0
007 - CAMPO FIJO DE DESCRIPCIÓN FÍSICA--INFORMACIÓN GENERAL
campo de control de longitud fija t|
008 - DATOS DE LONGITUD FIJA--INFORMACIÓN GENERAL
campo de control de longitud fija 950206s1860 sp ||||1| spa d
080 ## - NÚMERO DE LA CLASIFICACIÓN DECIMAL UNIVERSAL
Número de la Clasificación Decimal Universal 351.823.3(460)
100 1# - ENTRADA PRINCIPAL--NOMBRE DE PERSONA
Nombre de persona Cuéllar, José María de.
9 (RLIN) 41975
245 10 - MENCIÓN DEL TÍTULO
Título Manual del minero /
Mención de responsabilidad, etc. por José María de Cuéllar y Pedro Mendo de Figueroa...
260 ## - PUBLICACIÓN, DISTRIBUCIÓN, ETC.
Lugar de publicación, distribución, etc. Granada :
Nombre del editor, distribuidor, etc. [s.n.,
Fecha de publicación, distribución, etc. 1860?] (
Fabricante Imp. de Manuel Garrido)
300 ## - DESCRIPCIÓN FÍSICA
Extensión 108 p., [1] h. pleg. de lám. ;
Dimensiones 23 cm.
530 ## - NOTA DISPONIBLE DE FORMULARIO FÍSICO ADICIONAL
Nota de formato físico adicional disponible Disponible en formato digital.
650 #4 - PUNTO DE ACCESO ADICIONAL DE MATERIA--TÉRMINO DE MATERIA
Término de materia o nombre geográfico como elemento de entrada Minas-
Subdivisión general Derecho y legislación-
Subdivisión geográfica España.
9 (RLIN) 175982
700 1# - ENTRADA AGREGADA--NOMBRE PERSONAL
Nombre de persona Mendo de Figueroa, Pedro.
9 (RLIN) 80231
852 4# - LOCALIZACIÓN
Ubicación ES-MaACL
Número de control de estantería T-138-F-2
856 4# - LOCALIZACIÓN Y ACCESO ELECTRÓNICOS
Identificador Uniforme de Recursos <a href="http://bdh-rd.bne.es/viewer.vm?id=0000072689&page=1 ">http://bdh-rd.bne.es/viewer.vm?id=0000072689&page=1 </a>
Nota pública Biblioteca Digital Hispánica
Holdings
Estatus retirado Estado de pérdida Estado de daño No para préstamo Colección Biblioteca de origen Biblioteca actual Ubicación en estantería Fecha de adquisición Fuente de adquisición Total de préstamos Signatura topográfica completa Código de barras Visto por última vez Precio de reemplazo Tipo de ítem Koha
        Colección de folletos Biblioteca del Ateneo de Madrid Biblioteca del Ateneo de Madrid Depósito folletos 17/01/2008     T-138-F-2 1050446 23/02/2023 23/02/2023 Folleto